| 000 | 00462cam a2200193ua 4500 | ||
|---|---|---|---|
| 001 | 10455 | ||
| 008 | 190225n ii |||gr||||Z||||||eng | ||
| 020 | _a9788186860960 | ||
| 040 | _cMAIN | ||
| 041 | _aeng | ||
| 082 | _a301 | ||
| 100 |
_aUpasona Sarma, _eAuthor., |
||
| 245 | _aTheoretical perspective in sociology | ||
| 250 | _a1st ed. | ||
| 260 |
_aDibrugarh: _bNLpublishers, _c2013. |
||
| 300 | _a222p. | ||
| 653 | _aSociology & anthropology | ||
| 942 | _cBK | ||
| 999 |
_c9441 _d9441 |
||